[Event "Floripa Chess Open 2024"]
[Site "Florianopolis"]
[Date "2024.01.27"]
[Round "9.197"]
[White "Salomoni, Lorenzo"]
[Black "Martins, Marlos Da Rosa"]
[Result "1-0"]
[WhiteElo "1800"]
[BlackElo "1296"]
[PlyCount "85"]
[EventDate "2024.01.20"]
[EventRounds "10"]
[EventCountry "BRA"]

1. e4 c5 2. Nf3 e6 3. d4 cxd4 4. Nxd4 Nc6 5. Nc3 a6 6. Be2 Qc7 7. O-O Nf6 8.
Bg5 Be7 9. Re1 ({RR} 9. Kh1 d6 10. Qd3 O-O 11. Rad1 Rd8 12. Nxc6 bxc6 13. Qg3
c5 14. Bh6 g6 15. Bg5 Ne8 16. f4 Bb7 17. f5 exf5 18. Bc4 Bxg5 19. Qxg5 Rd7 20.
exf5 Qd8 21. f6 Nc7 22. Rd3 d5 23. Rh3 Qf8 {Iordachescu,V (2515)-Itkis,B (2465)
Bucharest 1998 1-0 (38)}) ({RR} 9. Qd3 O-O 10. Rad1 b5 11. a3 Bb7 12. Qh3 h6
13. Bh4 b4 14. axb4 Nxb4 15. f4 Bc5 16. Bxf6 gxf6 17. Qxh6 Nxc2 18. Rf3 Bxd4+
19. Rxd4 {1-0 (19) Kett,T (2167)-Nguyen,H (1697) chess.com INT 2021}) 9... d6
10. Nxc6 $146 ({RR} 10. a4 b6 11. Qd2 Bb7 12. Nxc6 Bxc6 13. f3 O-O 14. Be3 Nd7
15. Red1 Bb7 16. Bf4 Qc5+ 17. Be3 Qc7 18. Bf4 Ne5 19. Bg3 Rfd8 20. Bf2 Nd7 21.
Qd4 Rac8 22. Bg3 Nc5 23. Ra3 e5 24. Qc4 Ne6 {Gajic,N (2008)-Marjanovic,M (2015)
Kragujevac 2016 1-0 (52)}) 10... Qxc6 11. Bf3 Qc7 12. Qd3 Bd7 13. Rad1 Rc8 14.
Bf4 e5 15. Bg5 Bc6 16. Bxf6 Bxf6 17. Qxd6 Qxd6 18. Rxd6 O-O 19. Red1 h6 20. g3
Rfd8 21. Rxd8+ Rxd8 22. Rxd8+ Bxd8 23. Nd5 Kf8 24. c4 Ke8 25. Bg4 Bxd5 26. cxd5
Ke7 27. Bc8 a5 28. Bxb7 Kd6 29. f4 f6 30. Kf2 g5 31. fxe5+ Kxe5 32. Ke3 Bb6+
33. Kf3 Bd8 34. Bc8 Bb6 35. Bf5 Bc5 36. Kg4 Bf8 37. Kh5 Kd6 38. Kg6 Ke5 39. a4
Bb4 40. Kxh6 Bf8+ 41. Kg6 Be7 42. h4 gxh4 43. gxh4 1-0

[Event "Floripa Chess Open 2024"]
[Site "Florianopolis"]
[Date "2024.01.27"]
[Round "9.198"]
[White "Turci, Vivian Da Silva"]
[Black "De Souza, Felipe De Deus"]
[Result "1-0"]
[WhiteElo "1800"]
[BlackElo "1276"]
[PlyCount "55"]
[EventDate "2024.01.20"]
[EventRounds "10"]
[EventCountry "BRA"]

1. d4 Nf6 2. c4 g6 3. Nc3 Bg7 4. e4 d6 5. Nf3 O-O 6. Be2 Nbd7 7. O-O e5 8. Be3
Re8 9. Qc2 Nh5 ({RR} 9... Ng4 10. Bg5 f6 11. Bd2 c6 12. Rad1 Nh6 13. Be3 Ng4
14. Bc1 Nh6 15. b4 Nf7 16. Rfe1 a6 17. a3 Qc7 18. Be3 Bh6 19. Bxh6 Nxh6 20. h3
Nf7 21. Na4 Kg7 22. Bf1 a5 23. c5 axb4 24. axb4 {Li,C (2665)-Nevednichy,V 
(2554) Istanbul 2012 1-0 (58)}) ({RR} 9... a5 10. Rad1 Ng4 11. Bg5 f6 12. Bc1
exd4 13. Nxd4 Nc5 14. h3 Nh6 15. Rfe1 Bd7 16. b3 Re7 17. Bf3 Rf7 18. g4 Kh8 19.
Nd5 Qc8 20. Qe2 g5 21. Bb2 Ng8 22. Nf5 Ne6 23. Qe3 Qf8 24. a4 {Lecky,J (2066)
-Soldan,J (1742) Kremnica SVK 2021 1-0 (43)}) 10. Rad1 $146 ({RR} 10. g3 Nhf6
11. Rad1 c6 12. d5 c5 13. Ne1 Nb6 14. Ng2 Bh3 15. a3 Rc8 16. Rb1 Qe7 17. b4
Nfd7 18. Nb5 a6 19. bxc5 axb5 20. cxb6 bxc4 21. Bxc4 {1/2-1/2 (23) Gleizerov,E
(2515)-Komliakov,V (2460) Kolkata 1999}) ({RR} 10. g3 Nhf6 11. Rad1 exd4 12.
Nxd4 a6 13. f3 Ne5 14. b4 Qe7 15. Bf2 Nc6 16. Nxc6 bxc6 17. Rfe1 Be6 18. e5 Bf5
19. Qc1 dxe5 20. Bc5 Qe6 21. g4 Nxg4 22. fxg4 Bxg4 23. Qe3 Bxe2 24. Qxe2 f5 {
Obolentseva,A (2151)-Antolak,J (1947) Durban 2014 1-0 (42)}) ({RR} 10. Rfe1 Bf8
11. Rad1 c6 12. b4 exd4 13. Nxd4 Nhf6 14. a4 a5 15. bxa5 Qxa5 16. Nb3 Qc7 17.
a5 Nc5 18. Bd4 Nfd7 19. Bg4 Nxb3 20. Qxb3 Nc5 21. Bxc5 Bxg4 22. Bb6 Bxd1 23.
Rxd1 Qe7 24. g3 h5 {Basencyan,M (2140)-Gevorgyan,D (2335) Yerevan 2016 1-0 (79)
}) 10... Nf4 11. g3 Nxe2+ 12. Qxe2 Nf8 13. dxe5 Bxe5 14. Nxe5 Rxe5 15. Bf4 Re8
16. Rfe1 Ne6 17. Qd3 b6 18. b4 Qf6 19. Nd5 Qg7 20. Bd2 c6 21. Bc3 Qh6 22. Nf6+
Kf8 23. Nxe8 Kxe8 24. Qe3 Qf8 25. Qd2 Bb7 26. Qxd6 Qxd6 27. Rxd6 Ng5 28. Kg2
1-0

[Event "Floripa Chess Open 2024"]
[Site "Florianopolis"]
[Date "2024.01.27"]
[Round "9.199"]
[White "Biazon, Natalia De Oliveira"]
[Black "De Andrade, Alexandre Rodrigues"]
[Result "0-1"]
[WhiteElo "1250"]
[BlackElo "1800"]
[PlyCount "142"]
[EventDate "2024.01.20"]
[EventRounds "10"]
[EventCountry "BRA"]

1. d4 d5 2. Bf4 Bf5 3. e3 e6 4. Nf3 Nc6 5. c3 Bd6 6. Bg3 Nf6 7. Nbd2 Bg4 8. Bd3
Qe7 9. Qc2 e5 10. dxe5 Nxe5 11. Nxe5 Bxe5 12. Bxe5 Qxe5 13. h3 $146 ({RR} 13.
Nf3 Qh5 14. Nd4 c5 15. Nf5 Bxf5 16. Bxf5 g6 17. Bd3 c4 18. Be2 Qg5 19. O-O Qe5
20. Rad1 Rd8 21. Rfe1 O-O 22. h3 b5 23. Bf3 Ne4 24. Bxe4 Qxe4 25. Qxe4 dxe4 26.
Kf1 Rd3 27. Ke2 Rfd8 {Der,E (1654)-Szorad,G (1623) Hungary 2005 1/2-1/2}) 13...
Be6 14. Nf3 Qd6 15. Qb3 Rb8 16. Qa4+ c6 17. Qxa7 O-O 18. Qb6 Nd7 19. Qb4 c5 20.
Qa4 c4 21. Be2 Nc5 22. Qc2 Qd7 23. Nd4 b5 24. Nxe6 fxe6 25. O-O Ne4 26. Bf3
Rxf3 27. gxf3 Ng5 28. Kg2 Rf8 29. f4 Nxh3 30. Rh1 Nxf4+ 31. exf4 Rf5 32. Rh3
Qd6 33. Rf3 h5 34. Qd2 g6 35. Rg1 Qe7 36. Rg3 Kf7 37. Kh3 Rf6 38. Qc2 e5 39. f5
Rxf5 40. Qxf5+ gxf5 41. Rg7+ Ke6 42. Rxe7+ Kxe7 43. Rg5 Kf6 44. Rxh5 d4 45. Kg3
d3 46. Kf3 f4 47. b3 b4 48. cxb4 c3 49. Rh6+ Kg5 50. Rc6 c2 51. Rd6 c1=Q 52.
Rxd3 Qh1+ 53. Ke2 Qe4+ 54. Kd2 Qxb4+ 55. Kc2 Qc5+ 56. Kb1 Qxf2 57. a4 Qf1+ 58.
Kc2 e4 59. Rd5+ Kg4 60. a5 e3 61. Rd6 e2 62. a6 e1=Q 63. a7 Qff2+ 64. Kd3 Qxa7
65. Rg6+ Kf3 66. Rf6 Qee3+ 67. Kc4 Qad4+ 68. Kb5 Qxf6 69. b4 Qd6 70. Ka5 Qa3+
71. Kb5 Qaa6# 0-1

[Event "Floripa Chess Open 2024"]
[Site "Florianopolis"]
[Date "2024.01.27"]
[Round "9.200"]
[White "Born, Ary"]
[Black "De Oliveira Fernandes, Luis Felipe Araujo "]
[Result "0-1"]
[WhiteElo "1249"]
[BlackElo "1800"]
[PlyCount "76"]
[EventDate "2024.01.20"]
[EventRounds "10"]
[EventCountry "BRA"]

1. d4 Nf6 2. Nf3 g6 3. Bf4 Bg7 4. Nbd2 O-O 5. c3 d6 6. e3 Nbd7 7. Be2 a6 ({RR} 
7... Qe8 8. O-O Nh5 9. Bg3 Nxg3 10. hxg3 e5 11. dxe5 dxe5 12. e4 a5 13. a4 Nc5
14. Qc2 Bd7 15. b3 Bc6 16. Rfe1 b6 17. Bc4 Qe7 18. Bd5 Bxd5 19. exd5 Rad8 20.
c4 e4 21. Rad1 f5 22. Nf1 {Fontaine,R (2549)-Belous,V (2564) chess.com INT
2017 0-1 (58)}) ({RR} 7... Re8 8. Bg3 e5 9. dxe5 dxe5 10. Qc2 b6 11. O-O Bb7
12. h3 Qe7 13. Bd3 e4 14. Be2 exf3 15. Nxf3 Bxf3 16. Bxf3 Rad8 17. Bxc7 Rc8 18.
Bf4 Ne5 19. Be2 Nd5 20. Bb5 Red8 21. Bg3 Nb4 22. Qe2 {Zakaria,L-Ahmed,N chess.
com INT 2021 1-0 (44)}) 8. h4 $146 ({RR} 8. h3 b5 9. O-O Bb7 10. Nh2 c5 11. Bf3
Qb6 12. Bxb7 Qxb7 13. Ng4 Nh5 14. Bh6 f5 15. Bxg7 Kxg7 16. Nh2 Nhf6 17. Nhf3 h6
18. dxc5 dxc5 19. Qc2 Rad8 20. Rad1 e5 21. c4 e4 22. Ne1 b4 {Keskin,S (1751)
-Sultan,M (1756) Istanbul 2012 1-0 (56)}) 8... c5 9. Qc2 Re8 10. h5 Nxh5 11.
Bg5 Nhf6 12. O-O-O Ng4 13. Ne4 d5 14. Nd6 Nxf2 15. Nxe8 Qxe8 16. Bf1 Nxh1 17.
e4 dxe4 18. Ne5 Nxe5 19. dxe5 Ng3 20. Bc4 Bxe5 21. Kb1 Bf5 22. Ka1 b5 23. Bd5
Rd8 24. Be3 e6 25. Bc6 Rxd1+ 26. Qxd1 Qxc6 27. Qd8+ Kg7 28. Qg5 Qd7 29. a3 Qd1+
30. Bc1 Ne2 31. Qh6+ Kg8 32. Qd2 Qxc1+ 33. Qxc1 Nxc1 34. c4 e3 35. a4 e2 36.
cxb5 axb5 37. axb5 e1=Q 38. b6 Qa5# 0-1

[Event "Floripa Chess Open 2024"]
[Site "Florianopolis"]
[Date "2024.01.27"]
[Round "9.201"]
[White "Ruvieri, Valter"]
[Black "De Oliveira, Luiz Carlos"]
[Result "0-1"]
[WhiteElo "1067"]
[BlackElo "1422"]
[PlyCount "62"]
[EventDate "2024.01.20"]
[EventRounds "10"]
[EventCountry "BRA"]

1. d4 Nf6 2. e3 g6 3. Nf3 Bg7 4. c4 d6 5. Bd3 O-O 6. O-O Re8 ({RR} 6... c6 7.
Bd2 Nbd7 8. Bc3 Qc7 9. Nbd2 Re8 10. Rc1 e5 11. dxe5 dxe5 12. Ng5 Nc5 13. Bc2
Bg4 14. f3 Bh6 15. h4 Bd7 16. Qe2 Rad8 17. b4 Ne6 18. Nge4 Nxe4 19. Nxe4 Bg7
20. c5 Qb8 21. Bb3 {Gavryushin,O (2407)-Krutko,A (2443) Gornozavodsk 2007 1/
2-1/2}) 7. b3 ({RR} 7. Nbd2 e5 8. e4 exd4 9. Nxd4 Nxe4 10. N4f3 Nc5 11. Bc2 Nc6
12. Rb1 Nb4 13. b3 Nxc2 14. Bb2 Bxb2 15. Rxb2 Nb4 16. Nd4 Ncd3 17. Rb1 Nxa2 18.
b4 Nc3 {0-1 (18) Kavaliauskas,T-Markova,A (1786) Kaunas 2015}) 7... c6 $146 ({
RR} 7... b6 8. Bb2 Bb7 9. Nbd2 Nbd7 10. Qc2 c5 11. Ne4 Qc7 12. Nfd2 e6 13.
Nxf6+ Nxf6 14. Ne4 Qc6 15. Nxf6+ Bxf6 16. f3 Bg7 17. Rad1 Rac8 18. Qf2 f5 19.
d5 exd5 20. cxd5 Qd7 21. Bxg7 Qxg7 22. e4 {Ismayil,M (1562)-Schmidtmann,S 
(1391) Budva 2013 1-0 (37)}) 8. Bb2 Qc7 9. Nbd2 Bd7 10. Ng5 d5 11. e4 Qf4 12.
Ndf3 dxe4 13. Bc1 Qg4 14. h3 Qh5 15. Nxe4 Nxe4 16. Bxe4 f6 17. d5 f5 18. Bc2
Bxa1 19. Bg5 Bf6 20. Bxf6 exf6 21. d6 Na6 22. Re1 Nc5 23. Re7 Qh6 24. Qd4 b6
25. b4 Ne6 26. Qxf6 Qf8 27. Qh4 Rxe7 28. dxe7 Qg7 29. Qg3 Qxe7 30. Bxf5 Nf8 31.
Ne5 Bxf5 0-1

[Event "Floripa Chess Open 2024"]
[Site "Florianopolis"]
[Date "2024.01.27"]
[Round "9.202"]
[White "Makowski, Silvia Cristina"]
[Black "Mantovani, Helio Cardoso"]
[Result "0-1"]
[WhiteElo "1054"]
[BlackElo "1382"]
[PlyCount "65"]
[EventDate "2024.01.20"]
[EventRounds "10"]
[EventCountry "BRA"]

1. e4 e5 2. Nf3 Nc6 3. d4 exd4 4. Nxd4 Nge7 5. Bc4 g6 ({RR} 5... d6 6. Bg5 Nxd4
7. Qxd4 Be6 8. Bxe6 fxe6 9. f4 h6 10. Bxe7 Qxe7 11. Nc3 e5 12. Qc4 c6 13. O-O
exf4 14. Rxf4 g5 15. Rf5 Bg7 16. Raf1 Rf8 17. Rxf8+ Bxf8 18. Qg8 O-O-O 19. Rf7
Qe8 20. h3 {Jensen,B (2257)-Christensen,T (2330) Denmark 2007 1-0 (52)}) 6.
Nxc6 ({RR} 6. Bf4 Bg7 7. c3 O-O 8. Nb5 d6 9. O-O Be6 10. Bxe6 fxe6 11. Bg5 Qd7
12. Nd4 h6 13. Be3 e5 14. Qb3+ Kh7 15. Ne6 Rf6 16. Nxg7 Kxg7 17. Nd2 Raf8 18.
f3 b6 19. Rad1 g5 20. Qb5 Qe6 {Ozavci,M (1323)-Durak,A (1481) Konya 2017 0-1 
(51)}) 6... Nxc6 7. Qd5 $146 ({RR} 7. O-O Bg7 8. Qd5 O-O 9. c3 d6 10. Bg5 Qe8
11. Re1 Qe5 12. Nd2 Qxd5 13. exd5 Ne5 14. Bb5 a6 15. Ba4 Nd3 16. Reb1 Bf5 17.
Bc2 h6 18. Be3 Rfe8 19. Nf3 Be4 20. Nd4 Bxd4 21. Bxd4 Nxf2 {Burger,H (1456)
-Sachsenhofer,W (1460) Feldkirchen 1998 1/2-1/2 (60)}) ({RR} 7. Nc3 Bg7 8. O-O
O-O 9. Nd5 d6 10. c3 Be6 11. Bf4 Qd7 12. Qd2 Rae8 13. Bb3 Kh8 14. Bh6 f5 15.
Bxg7+ Qxg7 16. exf5 Bxf5 17. Rfe1 Ne5 18. Ne3 Be4 19. Bd5 Bxd5 20. Qxd5 c6 21.
Qd4 Qf6 {Brown,D-Pettersen,J (2026) Gibraltar 2008 0-1}) ({RR} 7. O-O Bg7 8. f4
d6 9. f5 Be5 10. fxg6 Bxh2+ 11. Kxh2 hxg6+ 12. Kg1 Ne5 13. Be2 Qh4 14. Bf4 Bg4
15. Bxe5 Bxe2 16. Qxe2 dxe5 17. Qb5+ Kf8 18. Qxe5 Qh1+ 19. Kf2 Qh4+ 20. Ke3 Re8
21. Qf4 Qe7 {Burger,H (1612)-Paupamah,P (1215) Cape Town 2016 1-0 (37)}) 7...
Qe7 8. Bg5 f6 9. Bf4 d6 10. O-O Bd7 11. Nc3 O-O-O 12. Rfe1 Bg7 13. a3 Rhe8 14.
f3 Be6 15. Qxe6+ Qxe6 16. Bxe6+ Rxe6 17. Rad1 Rde8 18. Kf1 Kd7 19. b4 f5 20.
Nd5 fxe4 21. Bg5 exf3 22. Rxe6 Rxe6 23. gxf3 b6 24. Bc1 Ne7 25. Nf4 Rf6 26. Kg2
h6 27. Re1 c6 28. Nh5 Rf7 29. Nxg7 Rxg7 30. Bb2 Rf7 31. Re4 Nf5 32. c4 Ne3+ 33.
Rxe3 0-1

[Event "Floripa Chess Open 2024"]
[Site "Florianopolis"]
[Date "2024.01.27"]
[Round "9.203"]
[White "Assis, Caio Bentivenha"]
[Black "Zottis, Ernani"]
[Result "1/2-1/2"]
[WhiteElo "1800"]
[BlackElo "1335"]
[PlyCount "117"]
[EventDate "2024.01.20"]
[EventRounds "10"]
[EventCountry "BRA"]

1. e4 e5 2. Nf3 Nc6 3. Bb5 Bc5 4. O-O d6 5. c3 Nge7 ({RR} 5... a6 6. Bxc6+ bxc6
7. d4 exd4 8. cxd4 Bb6 9. Be3 Ne7 10. Nfd2 O-O 11. Nc3 Be6 12. Rc1 f5 13. f3
fxe4 14. Ndxe4 Qd7 15. Re1 h6 16. Qd2 Rae8 17. Kh1 Nd5 18. a3 Nxe3 19. Rxe3 Bf5
20. Rce1 {Boruchovsky,A (2447)-Godena,M (2516) Tel Aviv 2013 1/2-1/2 (31)}) 6.
d3 ({RR} 6. d4 exd4 7. cxd4 Bb4 8. a3 Ba5 9. b4 Bb6 10. d5 a6 11. Ba4 Bd7 12.
dxc6 Bxc6 13. Bxc6+ Nxc6 14. Nc3 O-O 15. Bb2 Re8 16. Re1 Qd7 17. e5 Rad8 18.
exd6 Rxe1+ 19. Qxe1 Re8 20. Qd2 cxd6 {Suliga,E (1755)-Ahrens,G (1665) Hamburg
2017 1-0}) 6... Bg4 7. h3 $146 ({RR} 7. Be3 O-O 8. Bxc5 dxc5 9. Qe2 a6 10. Ba4
Ng6 11. Nbd2 b5 12. Bb3 Rc8 13. Qe3 Qf6 14. Qxc5 Bxf3 15. Nxf3 Nf4 16. Qe3 Qg6
17. g3 Rfd8 18. Rad1 Kh8 19. Kh1 Ne6 20. Bd5 Ne7 21. Nxe5 Qf6 {Lai,D-Lim,E Hue
2009 1-0 (49)}) 7... Bh5 8. Re1 O-O 9. Nbd2 a6 10. Ba4 b5 11. Bb3 Na5 12. Bc2
Nac6 13. Nf1 f5 14. Ng3 Bxf3 15. Qxf3 f4 16. Nf5 Nxf5 17. exf5 Ne7 18. Bb3+ Kh8
19. Bd5 Nxd5 20. Qxd5 Rxf5 21. Qe4 Rf8 22. Bd2 Qf6 23. a4 bxa4 24. Rxa4 a5 25.
d4 exd4 26. cxd4 Bb6 27. Bc3 Qg5 28. Qe7 Qf5 29. Qe4 Qd7 30. Raa1 f3 31. Kh2
fxg2 32. Qxg2 d5 33. Re5 c6 34. Rae1 h6 35. Re7 Qd6+ 36. Kg1 Qf6 37. R1e6 Qg5
38. Qxg5 hxg5 39. Rxc6 Rab8 40. Rg6 Bd8 41. Rexg7 Bf6 42. Rd7 a4 43. Rh6+ Kg8
44. Rhh7 Ra8 45. Ra7 Rae8 46. Rhd7 g4 47. Bb4 Rc8 48. Bxf8 Bxd4 49. Ba3 Rc1+
50. Kg2 gxh3+ 51. Kxh3 Bxa7 52. Rxa7 Rd1 53. Rxa4 d4 54. Bc5 d3 55. Be3 d2 56.
Rd4 Rh1+ 57. Kg2 d1=Q 58. Rxd1 Rxd1 59. Kf3 1/2-1/2

[Event "Floripa Chess Open 2024"]
[Site "Florianopolis"]
[Date "2024.01.27"]
[Round "9.204"]
[White "Da Rosa, Pauline Cardoso"]
[Black "Damasio, Fabio Ferreira"]
[Result "0-1"]
[WhiteElo "1800"]
[BlackElo "1296"]
[PlyCount "61"]
[EventDate "2024.01.20"]
[EventRounds "10"]
[EventCountry "BRA"]

1. e4 c5 2. Nf3 e6 3. Nc3 Nc6 4. Bb5 Qc7 5. O-O a6 6. Bxc6 bxc6 ({RR} 6... Qxc6
7. Re1 b5 8. d4 cxd4 9. Nd5 Nf6 10. Nxd4 Qb7 11. Nf5 Nxd5 12. exd5 g6 13. dxe6
dxe6 14. Nd6+ Bxd6 15. Qxd6 Qd7 16. Qb4 Bb7 17. Bg5 a5 18. Qc3 Qd5 19. f3 Qxg5
20. Qxh8+ Ke7 21. Qc3 {Delgado Ramirez,N (2615)-Ramirez,A (2589) chess24.com
INT 2019 1/2-1/2 (37)}) ({RR} 6... Qxc6 7. b3 d6 8. Bb2 Nf6 9. Re1 e5 10. d3
Be7 11. Ne2 O-O 12. c3 b5 13. h3 Re8 14. Bc1 h6 15. Be3 Bf8 16. a4 Bb7 17. Qd2
d5 18. exd5 Nxd5 19. d4 exd4 20. cxd4 Nxe3 21. fxe3 {Federzoni,E (2212)
-Costachi,M (2463) chess.com INT 2021 0-1}) 7. d3 Be7 8. Na4 $146 ({RR} 8. e5
Rb8 9. a3 h6 10. Rb1 a5 11. Bd2 Ba6 12. Ne4 c4 13. dxc4 Bxc4 14. b3 Bxf1 15.
Qxf1 d5 16. exd6 Bxd6 17. Nxd6+ Qxd6 18. g3 Rc8 19. Bxa5 Qd5 20. Qe2 Qxa5 21.
Ne5 Nf6 22. b4 Qa7 {Kontomanis,P (1005)-Michelakos,P (1660) Athens 2008 0-1})
8... h6 9. c4 d6 10. b3 Nf6 11. Rb1 O-O 12. Re1 e5 13. Bb2 Nh5 14. Nxe5 dxe5
15. Qxh5 f6 16. Bc1 Rf7 17. Re3 Bd6 18. Rg3 Kh8 19. Bxh6 gxh6 20. Qxh6+ Rh7 21.
Qxf6+ Rg7 22. Rxg7 Qxg7 23. Qd8+ Qf8 24. Qh4+ Kg7 25. Nb6 Rb8 26. Nxc8 Rxc8 27.
Qg4+ Kf7 28. a3 a5 29. g3 Ke7 30. h4 Rd8 31. Kg2 0-1

[Event "Floripa Chess Open 2024"]
[Site "Florianopolis"]
[Date "2024.01.27"]
[Round "9.205"]
[White "De Andrade, Arthur Batuli"]
[Black "Rahn, Marlon Cristiano"]
[Result "0-1"]
[WhiteElo "1800"]
[BlackElo "1295"]
[PlyCount "90"]
[EventDate "2024.01.20"]
[EventRounds "10"]
[EventCountry "BRA"]

1. e4 b6 2. Nf3 Bb7 3. Nc3 e6 4. a3 d6 ({RR} 4... Nf6 5. e5 Nd5 6. Nxd5 Bxd5 7.
b4 c5 8. b5 d6 9. Bb2 Nd7 10. exd6 Nf6 11. c4 Bb7 12. Be2 Bxd6 13. O-O Qc7 14.
Re1 O-O-O 15. Bf1 Ng4 16. g3 h5 17. Bg2 h4 18. h3 hxg3 19. hxg4 {Shamkovich,L 
(2485)-Regan,K (2375) Lone Pine,CA 1977 1/2-1/2 (40)}) ({RR} 4... d5 5. exd5
exd5 6. d4 Nf6 7. Bd3 Be7 8. O-O O-O 9. Bg5 Nbd7 10. Re1 Re8 11. Qd2 c6 12. Re2
h6 13. Bf4 Bf8 14. Rae1 Rxe2 15. Rxe2 a6 16. h3 c5 17. Bf5 c4 18. Ne5 b5 19.
Qe3 {Bazarov,K (2226)-Bruned,Y (2286) chess.com INT 2022 1-0 (54)}) 5. d3 $146
({RR} 5. d4 Nd7 6. Bd3 g6 7. Be3 Bg7 8. Qd2 a6 9. O-O h6 10. h3 Ne7 11. Rae1 g5
12. Nh2 Ng6 13. Ne2 c5 14. c3 e5 15. d5 Nf6 16. Ng3 Bc8 17. Nf5 Bxf5 18. exf5
Ne7 19. Ng4 Nexd5 {Jimenez,A (2140)-Garcia Ilundain,D (2500) St Cugat 1997 0-1
(38)}) ({RR} 5. d4 h6 6. Bd3 Ne7 7. O-O Nd7 8. Bf4 g5 9. Be3 Bg7 10. Nd2 Ng6
11. Ne2 Qe7 12. c3 Nf6 13. Ng3 Nf4 14. Bb5+ c6 15. Ba4 O-O 16. Bc2 c5 17. h4
cxd4 18. cxd4 Rac8 19. hxg5 hxg5 {Gizatullin,D (2102)-Krutko,A (2358) Nojabrsk
2005 0-1 (34)}) ({RR} 5. Bc4 Be7 6. d4 c6 7. d5 cxd5 8. exd5 e5 9. Ne4 Nd7 10.
Bg5 f6 11. Bd2 Rc8 12. Bb3 Nc5 13. Nxc5 dxc5 14. Be3 Bd6 15. Nh4 Qd7 16. c4 Ke7
17. Qh5 g6 18. Nxg6+ hxg6 19. Qxh8 Qe8 {Perez Hernandez,J-Perez Cardona,J Gran
Canaria 2009 1-0 (59)}) 5... Nd7 6. Be2 Ngf6 7. Bg5 h6 8. Bxf6 Nxf6 9. O-O Be7
10. e5 dxe5 11. Nxe5 O-O 12. Bf3 Bxf3 13. Qxf3 c5 14. Nc6 Qd6 15. Nb5 Qd7 16.
Nxe7+ Qxe7 17. Rad1 Rfd8 18. d4 Qd7 19. c4 cxd4 20. Rxd4 Qe7 21. Rfd1 a6 22.
Nd6 Rab8 23. b4 b5 24. c5 Nd5 25. Re1 Rxd6 26. cxd6 Qxd6 27. Red1 Rc8 28. g3
Qe5 29. Qe4 Qxe4 30. Rxe4 Nc3 31. Ree1 Nxd1 32. Rxd1 Rc3 33. Ra1 e5 34. Kf1 e4
35. Ke2 f5 36. a4 Rb3 37. axb5 axb5 38. Rd1 Rxb4 39. Rd5 g6 40. f4 Rb2+ 41. Ke3
b4 42. h4 Rg2 43. Rd8+ Kf7 44. Kd4 Rd2+ 45. Kc4 Rxd8 0-1

[Event "Floripa Chess Open 2024"]
[Site "Florianopolis"]
[Date "2024.01.27"]
[Round "9.206"]
[White "Soares, Vinicius Tuma"]
[Black "Nunes, Alice"]
[Result "0-1"]
[WhiteElo "1708"]
[BlackElo "1274"]
[PlyCount "44"]
[EventDate "2024.01.20"]
[EventRounds "10"]
[EventCountry "BRA"]

1. e4 e5 2. Nf3 Nc6 3. Nc3 Nf6 4. d4 d6 5. d5 Ne7 6. Bd3 ({RR} 6. h3 Ng6 7. g3
Be7 8. Bg2 O-O 9. Be3 c6 10. Nd2 cxd5 11. exd5 Nd7 12. h4 f5 13. h5 Nh8 14. Nc4
Nf7 15. Qd2 Nf6 16. O-O-O Ng4 17. Kb1 Bd7 18. f3 Nxe3 19. Nxe3 Rc8 20. Qd3 f4 {
Lautier,J (2680)-Zarnicki,P (2521) playchess.com INT 2004 0-1 (61)}) ({RR} 6.
Bg5 Ng6 7. h4 h5 8. Bb5+ Bd7 9. Bxd7+ Qxd7 10. Bxf6 gxf6 11. g3 Bh6 12. Qe2 a6
13. Nd2 Qg4 14. Qxg4 hxg4 15. Ke2 Ne7 16. Nf1 f5 17. Rd1 fxe4 18. Nxe4 f5 19.
Nc3 O-O-O 20. b4 f4 {Avramidou,A (2217)-Pein,J (2255) chess.com INT 2021 0-1 
(45)}) 6... h6 $146 ({RR} 6... g6 7. O-O Bg7 8. Be3 O-O 9. Qd2 Ng4 10. Bg5 c6
11. h3 h6 12. hxg4 hxg5 13. Qxg5 f6 14. Qh4 g5 15. Qh3 Ng6 16. g3 Bd7 17. Kg2
Kf7 18. Qh2 Bxg4 19. dxc6 bxc6 20. Bc4+ Ke7 21. Qh7 {Vigueras Ruiz,F-Masmiquel
Odena,J Girona 2013 1-0}) 7. Be3 c6 8. dxc6 bxc6 9. O-O Bg4 10. h3 Bxf3 11.
Qxf3 Ng6 12. Qd1 Be7 13. Qd2 O-O 14. Rad1 Nh5 15. Rfe1 Qd7 16. f4 exf4 17. Bxf4
Nh4 18. Be3 Rad8 19. Bxa7 Qxa7+ 20. Qe3 Qxe3+ 21. Rxe3 d5 22. exd5 Bc5 0-1

[Event "Floripa Chess Open 2024"]
[Site "Florianopolis"]
[Date "2024.01.27"]
[Round "9.207"]
[White "Nunes, Nicole"]
[Black "Friedrich, Augusto Johannpeter"]
[Result "0-1"]
[WhiteElo "1253"]
[BlackElo "1800"]
[PlyCount "96"]
[EventDate "2024.01.20"]
[EventRounds "10"]
[EventCountry "BRA"]

1. d4 {Meulders,R} Nf6 2. c4 g6 3. Nc3 Bg7 4. Nf3 d6 5. Bg5 O-O 6. e3 Bf5 7.
Be2 h6 ({RR} 7... Ne4 8. Nxe4 Bxe4 9. O-O h6 10. Bf4 c5 11. Nd2 Bc6 12. d5 Be8
13. e4 e5 14. Be3 f5 15. f3 f4 16. Bf2 Nd7 17. a3 Nf6 18. b4 b6 19. bxc5 bxc5
20. Rb1) ({RR} 7... Ne4 8. Nxe4 Bxe4 9. O-O h6 10. Bh4 b6 11. Nd2 Bb7 12. f4 c5
13. Bf3 Bxf3 14. Nxf3 cxd4 15. exd4 Qc7 16. Rc1 Re8 17. Re1 Nc6 18. Qd2 Rac8
19. d5 Na5 20. b3 Kh7 21. h3 Nb7 22. Re2 {Mamedjarova,T (2264)-Utiatskaja,I 
(2184) Warsaw POL 2021 1-0 (42)}) 8. Bh4 Nbd7 9. O-O e5 ({RR} 9... Re8 10. d5 (
{RR} 10. Nd2 e5 11. d5 g5 12. Bg3 c6 ({RR} 12... e4 13. Nb3 Bg6) 13. e4 Bg6)
10... Nc5 11. Nd4 Bd7 12. f3 c6 ({RR} 12... e5 13. Nb3 Na4 14. Nxa4 Bxa4 15. e4
) 13. b4 ({RR} 13. e4 Qb6) 13... Na6 14. Rb1 ({RR} 14. Qb3 Qb6 ({RR} 14... c5
15. bxc5 Nxc5 16. Qb4) 15. a3 c5 16. bxc5 ({RR} 16. Nc2) ({RR} 16. Ndb5) 16...
Nxc5 17. Qxb6 axb6 18. Rfb1 Ra6) 14... Nc7 15. Qb3 ({RR} 15. e4 Nh5 16. f4 Nxf4
17. Rxf4 g5 18. Rxf7 Kxf7 19. Bh5+ Kg8 20. Bxe8 Qxe8 21. Bg3 Qg6 22. Qd3) 15...
e5 16. dxe6 ({RR} 16. Nc2 cxd5 17. cxd5 g5 18. Bf2 e4) 16... Nxe6 17. Nxe6 ({RR
} 17. Rbd1) 17... Bxe6 18. Qc2 ({RR} 18. e4 b5 19. Rfd1 Qe7) 18... d5 19. cxd5
cxd5 20. Qd2 ({RR} 20. Nb5 Bf5 21. Bd3 Rc8 22. Qd2 Bxd3 23. Qxd3 Qb6 24. Nd4 ({
RR} 24. Bf2 Rc4) 24... Ng4 25. fxg4 Rxe3) 20... Ne4 21. fxe4 Qxh4 22. exd5 Bxc3
23. Qxc3 Bxd5 24. Bf3 {Van der Sterren,P (2535)-Sokolov,I (2665) Amsterdam
1996 CBM 054 [Meulders,R] 0-1 (55)}) 10. e4 $146 ({RR} 10. d5 g5 11. Bg3 Bg6
12. Nd2 e4 13. Nb3 Ne8 14. Nd4 Be5 15. b4 Qe7 16. Rc1 Ng7 17. Bxe5 Qxe5 18.
Ncb5 a6 19. Nc3 Nf6 20. Nb3 Nf5 21. Na5 Rfb8 22. Qd2 Nh4 23. Kh1 Qf5 24. Nb3
Bh5 {Murdzia,P (2375)-Lobejko,R (2370) Lublin 1999 1/2-1/2 (32)}) 10... Bg4 11.
h3 Bxf3 12. Bxf3 Nb6 13. Be2 c5 14. dxe5 dxe5 15. f4 exf4 16. Bxf6 Qxd1 17.
Raxd1 Bxf6 18. Rxf4 Bg7 19. Kf2 h5 20. g4 hxg4 21. Rxg4 Rad8 22. Rg5 Rxd1 23.
Nxd1 Bd4+ 24. Kg3 Re8 25. Kf4 Nd7 26. b3 Kg7 27. Bf3 f6 28. Rg2 g5+ 29. Kg3 Ne5
30. h4 Nxf3 31. Kxf3 Kh6 32. hxg5+ fxg5 33. Ne3 Bxe3 34. Kxe3 Re5 35. Rf2 Kg6
36. a3 b6 37. b4 Kh5 38. Rf5 Re7 39. bxc5 bxc5 40. Rxc5 Rg7 41. Rf5 Kh4 42. Rf1
g4 43. Kf4 Rf7+ 44. Ke5 Rxf1 45. c5 g3 46. Kd6 g2 47. e5 g1=Q 48. e6 Qd4+ 0-1